Missing Word: Movies Based on Books IV Quiz Stats

 Plays Quiz Updated Aug 28, 2014

Support Sporcle.
Go Orange.
Score 0/18 Timer 02:00
0 Plays Today
Movies Based on Books Word % Correct
_____ in WonderlandAlice
99.2%
Forrest _____Gump
98.2%
______ DoubtfireMrs.
96.8%
The Da _____ CodeVinci
95.9%
The Great _____Gatsby
92.5%
The NeverEnding _____Story
89.3%
Diary of a _____ KidWimpy
87.8%
Father of the ______Bride
87.8%
Fight ______Club
85.6%
Movies Based on Books Word % Correct
The _____ StormPerfect
81.7%
Pay It _____Forward
81%
The Kite _____Runner
75.7%
The Running _____Man
70.3%
9 1/2 _____Weeks
64.5%
Kiss Kiss, _____ _____Bang
64.4%
Get _____Shorty
63.5%
_____ the DogWag
44.7%
First _____Blood
33.9%

Today's Daily Dose

You're not logged in!

Compare scores with friends on all Sporcle quizzes.
OR
Log In
Forgot?

From the Vault

Words With a Double 'N'

by caramba

What's that old saying? "Two N's are better than one," or something like that...
Remove Ads.
Support Sporcle.
Get the best of Sporcle when you Go Orange. This ad-free experience offers more features, more stats, and more fun while also helping to support Sporcle. Thank you for becoming a member.

Show Comments

Extras

Top Quizzes Today


Score Distribution

Your Account Isn't Verified!

In order to create a playlist on Sporcle, you need to verify the email address you used during registration. Go to your Sporcle Settings to finish the process.

Report this User

Report this user for behavior that violates our Community Guidelines.

Details: